Responses for Show #3492 - Tuesday, November 9, 1999

1999-B Teen Tournament semifinal game 2.
From the Theater at Madison Square Garden, New York City.

Contestants

[<< previous game]

Jack Challis, a senior from Erlanger, Kentucky

Brittan Heller, a senior from West Covina, California

Chacko George, a junior from Slidell, Louisiana

[next game >>]

Jeopardy! Round responses

YOUNG GOTHS
LAND FORMATIONS
(Alex: We'll give you place names, you identify the land formation.)
SPORTS RULES, MAN!
NONPOTENT POTABLES
TV TEENS
THE "REAL" WORLD
    $100 30
Black

Jack
    $100 13
Capes

Brittan
    $100 18
Basketball

Brittan
    $100 5
(Brittan: What is Sprite?)

7 Up

ChackoBrittan
    $100 2
Joseph Gordon-Levitt

Triple Stumper
    $100 1
virtual reality

Brittan
    $200 29
Ankh

Chacko
    $200 14
Islands

Chacko
    $200 19
Home plate

Chacko
    $200 8
(Chacko: What is Orange Drink?)

Gatorade

ChackoBrittan
    $200 3
Clueless

Chacko
    $200 4
real estate

Jack
    $300 26
Anne Rice

Brittan
    $300 15
Deserts

Jack
    $300 20
Volleyball

Jack
    $300 9
(Jack: What is Hi-C?)

Sunny Delight

ChackoJack
    $300 23
Seth Green

Jack
    $300 6
the Real Thing

Brittan
    $400 27
Sandman

Triple Stumper
    $400 16
Valleys

Chacko
    $400 21
Spare

Chacko
    $400 11
Frappuccino

Brittan
    $400 24
Jessica Biel

Brittan
    $400 7
(Chacko: What is real mode?)

real time

ChackoJack
    $500 28
Bauhaus

Triple Stumper
    $500 17
Peninsulas

Brittan
    $700 22
Long jump

Chacko
    $500 12
Arizona

Jack
    $500 25
(Alex: Less than a minute to go.)

Clarissa & Sabrina

Chacko
    $500 10
Real number

Jack

Scores at the first commercial break (after clue 14):

Chacko Brittan Jack
$200 $1,000 $1,300

Scores at the end of the Jeopardy! Round:

Chacko Brittan Jack
$2,600 $2,300 $2,300

Double Jeopardy! Round responses

OLD GOTHS
SCIENCE & TECHNOLOGY
REQUIRED READING
MUSEUMS
THE DREADED OPERA CATEGORY
FOREIGN AUTO PARTS
(Alex; You have to tell us what they are in English.)
    $200 14
Athens

Chacko
    $200 6
Record player

Brittan
    $200 1
(Brittan: What is Great Expectations?)

A Tale of Two Cities

BrittanJack
    $200 11
Smithsonian

Brittan
    $200 12
Pisa

Chacko
    $200 25
Trunk

Brittan
    $400 18
Eagle

Chacko
    $400 7
Semi-precious

Jack
    $400 2
(Brittan: What is Three Musketeers?)

The Count of Monte Cristo

ChackoBrittan
    $400 13
Martin Luther King Jr.

Brittan
    $400 29
Aria

Chacko
    $400 30
Brakes

Jack
    $600 19
Visigoths

Brittan
    $600 8
Ultraviolet rays

Chacko
    $600 3
The Great Gatsby

Brittan
    $600 15
Sigmund Freud

Chacko
    $600 24
Seville

Chacko
    $600 28
(Brittan: What is oil?)
(Jack: What are brake pads?)

dipstick

BrittanJack
Triple Stumper
    $800 20
(Jack: What is the Rhine?)
(Chacko: What is the Rhone?)

the Danube

ChackoJack
Triple Stumper
    $800 9
Axle

Chacko
    $800 4
A Farewell to Arms

Chacko
    $1,000 16
the Louvre

Chacko
    $800 23
Helen

Jack
    $1,500 27
(Brittan: What is an antifreeze chamber holder which is the...)
(Alex: Just antifreeze, not the container.)

antifreeze

Brittan
    $1000 21
Purple

Jack
    $1000 10
(Chacko: What is Neptune?)

Uranus

ChackoJack
    $1000 5
Song of Solomon

Chacko
    $1000 17
Leakey

Chacko
    $1000 22
(Alex: About a minute to go.)

Munich

Jack
    $1000 26
Tire

Brittan

Scores at the end of the Double Jeopardy! Round:

Chacko Brittan Jack
$8,800 $2,800 $5,700

[wagering suggestions for these scores]

Final Jeopardy! Round responses

HISTORIC AMERICANS
BrittanWho was Washington Henry
$2,800
JackWho is Thomas Jefferson?
$3,103
ChackoWho is George Washing Robert E. Lee?
$3,200
George Washington

Final scores:

Chacko Brittan Jack
$5,600 $0 $2,597
Finalist 3rd place: $5,000 2nd place: $5,000

Game dynamics:

Coryat scores:

Chacko Brittan Jack
$8,400 $4,300 $5,700
23 R
(including 2 DDs),
4 W
16 R,
5 W
(including 1 DD)
15 R,
3 W

Combined Coryat: $18,400

[game clues] [game scores] [suggest correction]

Game tape date: 1999-10-09
The J! Archive is created by fans, for fans. Scraping, republication, monetization, and malicious use prohibited; this site may use cookies and collect identifying information. See terms. The Jeopardy! game show and all elements thereof, including but not limited to copyright and trademark thereto, are the property of Jeopardy Productions, Inc. and are protected under law. This website is not affiliated with, sponsored by, or operated by Jeopardy Productions, Inc. Join the discussion at JBoard.tv.